Statistics for Countries with the Largest Armies

Click here to take the quiz!

General Stats

  • This quiz has been taken 210 times
  • The average score is 11 of 15

Answer Stats

Total No. PersonnelCountry% Correct
2,231,447United States of America
99%
3,927,000China
98%
3,240,000Russia
95%
7,679,000North Korea
93%
4,768,407India
91%
2,053,480Brazil
86%
3,730,000South Korea
85%
1,446,000Pakistan
81%
2,363,000Iran
80%
1,314,500Egypt
72%
1,034,406Turkey
72%
5,522,000Vietnam
65%
1,964,00Taiwan
42%
1,383,512Colombia
38%
1,234,500Cuba
18%

Score Distribution

Percentile by Number Answered

Percent of People with Each Score

Your Score History

You have not taken this quiz